000 00493nam a2200181Ia 4500
005 20250508151710.0
008 008 250505s9999 xx 000 0 eng d
037 _aBooks to be hide in OPAC
040 _aFEDL
_beng
_cFEDL
041 _aeng
_2eng
084 _a000, BUN/O
_qFEDL
100 _aBunn Harriet
_9759783
245 0 _aMining
260 _aSaint Paul, USA
_bCharles E Merrill Company
_c1952
300 _a32p
942 _cHB
_h000, BUN/O
999 _c1331519
_d1331519